书目信息 |
| 题名: |
城市化的世界
|
|
| 作者: | ;沈建国 译 ;联合国人居中心(生境) 编著 | |
| 分册: | 1996 | |
| 出版信息: | 北京 中国建筑工业出版社 1999 |
|
| 页数: | 29,541页 | |
| 开本: | 29cm | |
| 丛书名: | ||
| 单 册: | ||
| 中图分类: | F299.1 | |
| 科图分类: | ||
| 主题词: | 居住区--城市建设--概况--世界--1996 | |
| 电子资源: | ||
| ISBN: | 7-112-03940-1 | |
| 000 | 00936nam0 2200253 450 | |
| 001 | 0100003903 | |
| 005 | 20191106081217.34 | |
| 010 | @a7-112-03940-1@dCNY95.00 | |
| 100 | @a20021005d1999 em y0chiy0110 ea | |
| 101 | 1 | @achi@ceng |
| 102 | @aCN@b110000 | |
| 105 | @ay z 000yy | |
| 200 | 1 | @a城市化的世界@Acheng shi hua de shi jie@e全球人类住区报告@h1996@f联合国人居中心(生境)编著@g沈建国等译 |
| 210 | @a北京@c中国建筑工业出版社@d1999 | |
| 215 | @a29,541页@d29cm | |
| 300 | @a联合国人居中心及英国牛津大学出版社授权出版 | |
| 510 | 1 | @aAn urbanizing world@eGlobal report on human settlements@zeng |
| 517 | 1 | @a全球人类住区报告@Aquan qiu ren lei zhu qu bao gao |
| 606 | 0 | @a居住区@x城市建设@x概况@y世界@z1996 |
| 690 | @aF299.1@v4 | |
| 702 | 0 | @a沈建国@Ashen jian guo@4译 |
| 711 | 02 | @a联合国人居中心(生境)@Alian he guo ren ju zhong xin ( sheng jing )@4编著 |
| 801 | 0 | @aCN@c20160515 |
| 905 | @a河南城建学院图书馆@dF299.1@eL386 | |
| 城市化的世界:全球人类住区报告.1996/联合国人居中心(生境)编著/沈建国等译.-北京:中国建筑工业出版社,1999 |
| 29,541页;29cm |
| 联合国人居中心及英国牛津大学出版社授权出版 |
| ISBN 7-112-03940-1:CNY95.00 |
| ● |
| 相关链接 |
|
|
|
正题名:城市化的世界
索取号:F299.1/L386
 
预约/预借
| 序号 | 登录号 | 条形码 | 馆藏地/架位号 | 状态 | 备注 |
| 1 | 1232868 | 212328685 | 社科二线422/409社科库 114排1列4层/ [索取号:F299.1/L386] | 在馆 | |
| 2 | 1232869 | 212328694 | 社科二线422/409社科库 114排1列4层/ [索取号:F299.1/L386] | 在馆 | |
| 3 | 1232870 | 212328701 | 社科二线422/409社科库 114排2列4层/ [索取号:F299.1/L386] | 在馆 | |
| 4 | 1232871 | 212328710 | 社科二线422/409社科库 114排1列4层/ [索取号:F299.1/L386] | 在馆 | |
| 5 | 1232872 | 212328729 | 社科库409/409社科库 114排1列2层/ [索取号:F299.1/L386] | 在馆 | |
| 6 | 1282645 | 212826450 | 社科二线400B/400B社科库 31排2列4层/ [索取号:F299.1/L386] | 在馆 | |
| 7 | 1282646 | 212826469 | 社科库409/409社科库 114排1列3层/ [索取号:F299.1/L386] | 在馆 | |
| 8 | 1282647 | 212826478 | 社科二线400B/400B社科库 31排2列6层/ [索取号:F299.1/L386] | 在馆 |